[Event "NOR-chT Elite 2122"]
[Site "Norway"]
[Date "2022.03.04"]
[Round "7.3"]
[White "Torngren, Gustav"]
[Black "Harestad, Hans Krogh"]
[Result "1-0"]
[WhiteElo "2229"]
[BlackElo "2206"]
[PlyCount "71"]
[EventDate "2021.10.28"]
[EventType "team-tourn"]
[EventRounds "9"]
[EventCountry "NOR"]
[SourceTitle "EXT 2024"]
[Source "ChessBase"]
[SourceDate "2023.10.10"]
[SourceVersion "1"]
[SourceVersionDate "2023.10.10"]
[SourceQuality "1"]
[WhiteTeam "Nordstrand"]
[BlackTeam "SOSS"]
[WhiteTeamCountry "NOR"]
[BlackTeamCountry "NOR"]

1. d4 d5 2. c4 c6 3. Nf3 Nf6 4. Nbd2 Bf5 5. Nh4 Be6 6. e3 g6 7. Bd3 Bg7 8. 0-0 0-0 9. Nhf3 Nbd7 10. b3 Bg4 11. h3 Bxf3 12. Nxf3 Ne4 13. Bxe4 dxe4 14. Ng5 e5 15. Nxe4 exd4 16. exd4 Qh4 17. Re1 h6 18. Bb2 Rad8 19. Qc2 Nb8 20. Nd2 Na6 21. Nf3 Qf6 22. Rad1 Nc7 23. Ba1 Qd6 24. a4 Ne6 25. d5 cxd5 26. Rxd5 Qc7 27. Bxg7 Kxg7 28. Qb2+ Kh7 29. Qf6 Rd6 30. Ne5 Rxd5 31. cxd5 Qc3 32. dxe6 Qxe1+ 33. Kh2 fxe6 34. Qxg6+ Kh8 35. Qxh6+ Kg8 36. Qxe6+ 1-0

[Event "NOR-chT Elite 1920"]
[Site "Norway"]
[Date "2020.03.06"]
[Round "7.5"]
[White "Royset, Pal"]
[Black "Harestad, Hans Krogh"]
[Result "1/2-1/2"]
[WhiteElo "2149"]
[BlackElo "2233"]
[PlyCount "122"]
[EventDate "2019.11.01"]
[EventType "team-tourn"]
[EventRounds "9"]
[EventCountry "NOR"]
[SourceTitle "CBM 195 Extra"]
[Source "ChessBase"]
[SourceDate "2020.05.31"]
[SourceVersion "1"]
[SourceVersionDate "2020.05.31"]
[SourceQuality "1"]
[WhiteTeam "Tromsoe"]
[BlackTeam "SOSS"]
[WhiteTeamCountry "NOR"]
[BlackTeamCountry "NOR"]

1. e4 e5 2. Nf3 d6 3. Bc4 Be7 4. 0-0 Nf6 5. Re1 0-0 6. c3 Nc6 7. Bb3 Na5 8. Bc2 c5 9. h3 Qc7 10. d4 Bd7 11. d5 c4 12. Nbd2 b5 13. Nf1 Nb7 14. g4 Kh8 15. Ng3 g6 16. Bh6 Rfb8 17. Qd2 Ng8 18. Be3 Nc5 19. Red1 Bf6 20. Kg2 a5 21. a3 Nb3 22. Bxb3 cxb3 23. g5 Bg7 24. Rh1 f5 25. gxf6 Nxf6 26. Ng5 Rf8 27. Rad1 Rae8 28. Qd3 Re7 29. f3 Qb7 30. h4 h6 31. Nh3 Ref7 32. Ng1 Nh5 33. Nxh5 gxh5 34. Qd2 Kh7 35. Rf1 Qc8 36. Ne2 Rf6 37. Ng3 Rg6 38. Rfg1 Bg4 39. fxg4 Qxg4 40. Rh3 Rf3 41. Bf2 Qxe4 42. Kh2 Qg4 43. Rg2 e4 44. Bd4 Rd3 45. Qe2 Bxd4 46. cxd4 Rf3 47. Qxe4 Rxg3 48. Qxg4 R3xg4 49. Rxg4 Rxg4 50. Rxb3 Rxd4 51. Rxb5 a4 52. Kg3 Kg6 53. Rb4 Rd3+ 54. Kf4 Rh3 55. Rb6 Rxh4+ 56. Ke3 Kf5 57. Rxd6 Ke5 58. Rxh6 Kxd5 59. Kd3 Rh3+ 60. Kc2 Kc5 61. Ra6 Rh2+ 1/2-1/2

[Event "NOR-ch Mester"]
[Site "Stavanger"]
[Date "2017.07.08"]
[Round "9"]
[White "Harestad, Hans Krogh"]
[Black "Riisem, Oyvind"]
[Result "0-1"]
[WhiteElo "2249"]
[BlackElo "2208"]
[PlyCount "105"]
[EventDate "2017.07.01"]
[EventType "swiss"]
[EventRounds "9"]
[EventCountry "NOR"]
[SourceTitle "EXT 2018"]
[Source "ChessBase"]
[SourceDate "2017.10.13"]
[SourceVersion "1"]
[SourceVersionDate "2017.10.13"]
[SourceQuality "1"]

1. d4 d5 2. c4 e6 3. Nc3 Be7 4. Nf3 Nf6 5. cxd5 exd5 6. Bg5 c6 7. Qc2 Na6 8. a3 Nc7 9. e3 Ne6 10. Bh4 g6 11. Bd3 Ng7 12. 0-0 Bf5 13. Ne5 Bxd3 14. Qxd3 Nf5 15. Bg5 0-0 16. f3 Nd7 17. Bf4 Nxe5 18. Bxe5 Bd6 19. Rfe1 Re8 20. Bxd6 Qxd6 21. e4 dxe4 22. Nxe4 Qd8 23. Rad1 Nd6 24. Qb3 Nxe4 25. fxe4 Qb6 26. Qxb6 axb6 27. d5 Ra5 28. Kf2 Rc5 29. dxc6 bxc6 30. Rc1 Rb5 31. Re2 Re6 32. Rc4 Rbe5 33. b4 b5 34. Rc3 g5 35. h3 h5 36. Kf3 f5 37. Rce3 Kf7 38. h4 gxh4 39. Rc2 fxe4+ 40. Ke2 Rg6 41. Kf2 Reg5 42. Kf1 Rf6+ 43. Ke1 Rfg6 44. Kf1 Rg4 45. Rec3 Rf6+ 46. Ke1 Rg3 47. Rxc6 Rxc6 48. Rxc6 Rxg2 49. Rc5 h3 50. Kf1 e3 51. Rxh5 e2+ 52. Ke1 h2 53. Kd2 0-1

[Event "NOR-ch Mester"]
[Site "Stavanger"]
[Date "2017.07.05"]
[Round "6"]
[White "Sorensen, Kristian"]
[Black "Harestad, Hans Krogh"]
[Result "1/2-1/2"]
[WhiteElo "2131"]
[BlackElo "2249"]
[PlyCount "74"]
[EventDate "2017.07.01"]
[EventType "swiss"]
[EventRounds "9"]
[EventCountry "NOR"]
[SourceTitle "EXT 2018"]
[Source "ChessBase"]
[SourceDate "2017.10.13"]
[SourceVersion "1"]
[SourceVersionDate "2017.10.13"]
[SourceQuality "1"]

1. d4 d5 2. Nf3 Nf6 3. Bg5 Ne4 4. Bf4 Bf5 5. e3 e6 6. Be2 Bd6 7. Bxd6 Qxd6 8. 0-0 0-0 9. c4 c6 10. Nc3 Nd7 11. Nh4 Nxc3 12. bxc3 Be4 13. f3 Bg6 14. Nxg6 hxg6 15. f4 Rfd8 16. Rb1 b6 17. Qb3 Rac8 18. cxd5 exd5 19. c4 Nf6 20. Rfd1 Re8 21. Rbc1 Rc7 22. Bf3 Rce7 23. Re1 c5 24. dxc5 Qxc5 25. cxd5 Rxe3 26. Qxe3 Rxe3 27. Rxc5 Rxe1+ 28. Kf2 bxc5 29. Kxe1 Kf8 30. d6 Ke8 31. Bc6+ Kd8 32. Kd2 Ne8 33. d7 Nd6 34. Kd3 Kc7 35. Kc3 Kd8 36. Kb3 Kc7 37. Kc3 Kd8 1/2-1/2

[Event "NOR-chB"]
[Site "Stavanger"]
[Date "2017.07.03"]
[Round "4"]
[White "Johansen, Terje"]
[Black "Harestad, Hans Krogh"]
[Result "1-0"]
[WhiteElo "2278"]
[BlackElo "2249"]
[PlyCount "69"]
[EventDate "2017.07.01"]
[EventType "swiss"]
[EventRounds "9"]
[EventCountry "NOR"]
[SourceTitle "CBM 179 Extra"]
[Source "ChessBase"]
[SourceDate "2017.08.23"]
[SourceVersion "1"]
[SourceVersionDate "2017.08.23"]
[SourceQuality "1"]

1. d4 d5 2. Nf3 Nf6 3. c4 c6 4. e3 Bf5 5. Nc3 e6 6. Nh4 Bg6 7. Nxg6 hxg6 8. h3 Nbd7 9. Bd2 Be7 10. Rc1 0-0 11. Be2 dxc4 12. Bxc4 c5 13. dxc5 Ne5 14. Be2 Nd3+ 15. Bxd3 Qxd3 16. Qe2 Qxe2+ 17. Kxe2 Bxc5 18. Rc2 Rfd8 19. Rhc1 Be7 20. e4 Bb4 21. f3 Rd7 22. Be3 Kf8 23. a3 Be7 24. Na4 b6 25. Bxb6 axb6 26. Nxb6 Raa7 27. Nxd7+ Rxd7 28. Rc8+ Bd8 29. b4 Ke7 30. a4 Nh5 31. a5 Nf4+ 32. Kf1 Rd2 33. R1c2 Rd1+ 34. Kf2 Rb1 35. Rd2 1-0

[Event "NOR-ch rapid"]
[Site "Sandefjord"]
[Date "2017.01.08"]
[Round "9"]
[White "Kaasen, Tor Fredrik"]
[Black "Harestad, Hans Krogh"]
[Result "0-1"]
[WhiteElo "2475"]
[BlackElo "2237"]
[PlyCount "78"]
[EventDate "2017.01.07"]
[EventType "swiss (rapid)"]
[EventRounds "10"]
[EventCountry "NOR"]
[SourceTitle "CBM 176 Extra"]
[Source "ChessBase"]
[SourceDate "2017.03.02"]
[SourceVersion "1"]
[SourceVersionDate "2017.03.02"]
[SourceQuality "1"]

1. d4 d5 2. c4 c6 3. Nf3 Nf6 4. e3 Bf5 5. Nc3 e6 6. Qb3 Qc7 7. Nh4 Bg4 8. h3 Bh5 9. g4 Bg6 10. Nxg6 hxg6 11. Bg2 Nbd7 12. 0-0 Nxg4 13. f4 Ngf6 14. Bd2 Be7 15. Rac1 Qb6 16. c5 Qxb3 17. axb3 Nh5 18. b4 a6 19. Ra1 Rd8 20. Kh2 g5 21. f5 exf5 22. Rxf5 g6 23. Rf2 f5 24. Re1 Nhf6 25. Kg3 g4 26. Rfe2 Nh5+ 27. Kh2 Bh4 28. Rd1 Ndf6 29. Be1 Bxe1 30. Rexe1 Rd7 31. Kg1 gxh3 32. Bxh3 Ng3 33. Kg2 Nge4 34. Ne2 Rdh7 35. Nf4 g5 36. Bxf5 Rh2+ 37. Kg1 Rh1+ 38. Kg2 R8h2+ 39. Kf3 Rf2# 0-1

[Event "NOR-ch rapid"]
[Site "Sandefjord"]
[Date "2017.01.07"]
[Round "5"]
[White "Harestad, Hans Krogh"]
[Black "Skrondal, Inge Sandstad"]
[Result "1-0"]
[WhiteElo "2237"]
[BlackElo "2277"]
[PlyCount "56"]
[EventDate "2017.01.07"]
[EventType "swiss (rapid)"]
[EventRounds "10"]
[EventCountry "NOR"]
[SourceTitle "CBM 176 Extra"]
[Source "ChessBase"]
[SourceDate "2017.03.02"]
[SourceVersion "1"]
[SourceVersionDate "2017.03.02"]
[SourceQuality "1"]

1. d4 Nf6 2. c4 g6 3. Nc3 Bg7 4. e4 d6 5. Nf3 0-0 6. Be2 c5 7. d5 e6 8. Nd2 Re8 9. 0-0 Na6 10. f3 Nc7 11. Re1 a6 12. a4 b6 13. Nf1 Rb8 14. Bg5 h6 15. Be3 exd5 16. cxd5 b5 17. Qd2 Kh7 18. g4 Nd7 19. Kg2 Ne5 20. h3 f5 21. f4 Nc4 22. Bxc4 bxc4 23. exf5 gxf5 24. Ng3 Nxd5 25. Nxf5 Bxf5 26. gxf5 Nxe3+ 27. Rxe3 Rxb2 28. Qxb2 Rxe3 1-0

[Event "NOR-chB"]
[Site "Tromsoe"]
[Date "2016.07.13"]
[Round "6"]
[White "Laverton, Christian"]
[Black "Harestad, Hans Krogh"]
[Result "0-1"]
[WhiteElo "2126"]
[BlackElo "2262"]
[PlyCount "62"]
[EventDate "2016.07.09"]
[EventType "swiss"]
[EventRounds "9"]
[EventCountry "NOR"]
[SourceTitle "EXT 2024"]
[Source "ChessBase"]
[SourceDate "2023.10.10"]
[SourceVersion "1"]
[SourceVersionDate "2023.10.10"]
[SourceQuality "1"]

1. d4 d5 2. c4 c6 3. Nf3 Nf6 4. e3 Bf5 5. Nc3 e6 6. Nh4 Bg6 7. g3 Nbd7 8. Nxg6 hxg6 9. Bg2 dxc4 10. Qe2 Nb6 11. 0-0 Be7 12. a4 a5 13. e4 Qxd4 14. Rd1 Qe5 15. Be3 Qc7 16. f4 0-0 17. Bf3 Rfd8 18. Qf2 Nbd7 19. g4 b6 20. g5 Ne8 21. Qe2 Bc5 22. e5 Bxe3+ 23. Qxe3 Nc5 24. Be2 Rxd1+ 25. Rxd1 Rd8 26. Rxd8 Qxd8 27. Kg2 Nd3 28. Bf3 c5 29. Nb5 Nxb2 30. Qc1 Nd3 31. Qe3 Nc7 0-1

[Event "NOR-chB"]
[Site "Tromsoe"]
[Date "2016.07.10"]
[Round "2"]
[White "Harestad, Hans Krogh"]
[Black "Soraas, Torben"]
[Result "1-0"]
[WhiteElo "2262"]
[BlackElo "2197"]
[PlyCount "63"]
[EventDate "2016.07.09"]
[EventType "swiss"]
[EventRounds "9"]
[EventCountry "NOR"]
[SourceTitle "EXT 2024"]
[Source "ChessBase"]
[SourceDate "2023.10.10"]
[SourceVersion "1"]
[SourceVersionDate "2023.10.10"]
[SourceQuality "1"]

1. d4 Nf6 2. c4 c5 3. d5 b5 4. Nf3 g6 5. cxb5 a6 6. Qc2 d6 7. e4 Bg7 8. Nc3 0-0 9. a4 axb5 10. Bxb5 Na6 11. 0-0 Nb4 12. Qe2 e6 13. dxe6 Bxe6 14. Bg5 h6 15. Bf4 Nh5 16. Be3 Qe7 17. Qd2 g5 18. Rfe1 g4 19. Be2 Rad8 20. Bxh6 gxf3 21. Bxf3 Bxh6 22. Qxh6 Ng7 23. Nd5 Bxd5 24. exd5 Nf5 25. Qf4 Qf6 26. Be4 Nxd5 27. Bxd5 Kg7 28. Ra3 Rfe8 29. Rxe8 Rxe8 30. g3 Re1+ 31. Kg2 Qxb2 32. Qg5+ 1-0

[Event "NOR-chT 1415"]
[Site "Norway"]
[Date "2015.03.07"]
[Round "10"]
[White "Turova, Irina"]
[Black "Harestad, Hans Krogh"]
[Result "1-0"]
[WhiteElo "2424"]
[BlackElo "2296"]
[PlyCount "79"]
[EventDate "2014.10.31"]
[EventType "team-tourn"]
[EventRounds "11"]
[EventCountry "NOR"]
[SourceTitle "EXT 2016"]
[Source "ChessBase"]
[SourceDate "2015.10.08"]
[SourceVersion "1"]
[SourceVersionDate "2015.10.08"]
[SourceQuality "1"]
[WhiteTeam "Tromsoe"]
[BlackTeam "SOSS"]
[WhiteTeamCountry "NOR"]
[BlackTeamCountry "NOR"]

1. d4 d5 2. c4 c6 3. Nf3 Nf6 4. Nc3 dxc4 5. a4 Bf5 6. Ne5 Nbd7 7. Nxc4 Qc7 8. g3 e5 9. dxe5 Nxe5 10. Bf4 Nfd7 11. Bg2 g5 12. Bxe5 Nxe5 13. Qd4 f6 14. Ne3 Bg6 15. a5 a6 16. 0-0 Be7 17. Ne4 0-0 18. Qc3 Qc8 19. b4 Qe6 20. Nc5 Bxc5 21. bxc5 Rad8 22. Rad1 Kg7 23. Kh1 Ng4 24. Nxg4 Qxg4 25. Qb2 Rd7 26. Rd6 Rxd6 27. cxd6 Rf7 28. Rd1 Rd7 29. Qd2 Qe6 30. f3 Bf7 31. e4 Kf8 32. h4 h6 33. Kh2 Qa2 34. Qd4 Kg7 35. e5 Qe6 36. Bh3 f5 37. Bxf5 Qxf5 38. e6+ Kg8 39. exd7 Qxd7 40. hxg5 1-0

[Event "NOR-chT 1415"]
[Site "Norway"]
[Date "2014.11.02"]
[Round "3.4"]
[White "Romanov, Evgeny"]
[Black "Harestad, Hans Krogh"]
[Result "1-0"]
[WhiteElo "2647"]
[BlackElo "2296"]
[PlyCount "42"]
[EventDate "2014.10.31"]
[EventType "team-tourn"]
[EventRounds "11"]
[EventCountry "NOR"]
[SourceTitle "EXT 2015"]
[Source "ChessBase"]
[SourceDate "2014.11.20"]
[SourceVersion "1"]
[SourceVersionDate "2014.11.20"]
[SourceQuality "1"]
[WhiteTeam "Valerenga"]
[BlackTeam "SOSS"]
[WhiteTeamCountry "NOR"]
[BlackTeamCountry "NOR"]

1. Nf3 d5 2. c4 c6 3. e3 Nf6 4. Nc3 g6 5. d4 Bg7 6. h3 0-0 7. Bd3 Nbd7 8. 0-0 dxc4 9. Bxc4 Qc7 10. b3 e5 11. Ba3 c5 12. Nb5 Qb6 13. dxe5 Ne4 14. Bb2 a6 15. Na3 Nd6 16. Bd5 Qd8 17. Qd2 Nb5 18. Nxb5 axb5 19. e6 Nb6 20. exf7+ Kh8 21. Qc3 Rxf7 1-0

[Event "NOR-chT 1415"]
[Site "Norway"]
[Date "2014.11.01"]
[Round "2.4"]
[White "Hansen, Torbjorn Ringdal"]
[Black "Harestad, Hans Krogh"]
[Result "1-0"]
[WhiteElo "2476"]
[BlackElo "2296"]
[PlyCount "47"]
[EventDate "2014.10.31"]
[EventType "team-tourn"]
[EventRounds "11"]
[EventCountry "NOR"]
[SourceTitle "EXT 2015"]
[Source "ChessBase"]
[SourceDate "2014.11.20"]
[SourceVersion "1"]
[SourceVersionDate "2014.11.20"]
[SourceQuality "1"]
[WhiteTeam "Oslo SK 1911"]
[BlackTeam "SOSS"]
[WhiteTeamCountry "NOR"]
[BlackTeamCountry "NOR"]

1. c4 e5 2. g3 Nf6 3. Bg2 c6 4. Nf3 e4 5. Nd4 d5 6. d3 exd3 7. Qxd3 Be7 8. 0-0 0-0 9. Nc3 Na6 10. Rd1 dxc4 11. Qxc4 Qa5 12. h3 Bd7 13. e4 Rad8 14. Be3 Rfe8 15. a3 Qc7 16. Rac1 Qc8 17. e5 Nd5 18. Nxd5 cxd5 19. Qxd5 Qb8 20. Qxb7 Qxb7 21. Bxb7 Nc5 22. Nc6 Nxb7 23. Nxd8 Rxd8 24. Rc7 1-0

[Event "NOR-chT 1415"]
[Site "Norway"]
[Date "2014.10.31"]
[Round "1.3"]
[White "Harestad, Hans Krogh"]
[Black "Hole, Oystein"]
[Result "0-1"]
[WhiteElo "2296"]
[BlackElo "2353"]
[PlyCount "78"]
[EventDate "2014.10.31"]
[EventType "team-tourn"]
[EventRounds "11"]
[EventCountry "NOR"]
[SourceTitle "EXT 2015"]
[Source "ChessBase"]
[SourceDate "2014.11.20"]
[SourceVersion "1"]
[SourceVersionDate "2014.11.20"]
[SourceQuality "1"]
[WhiteTeam "SOSS"]
[BlackTeam "Oslo Akademisk"]
[WhiteTeamCountry "NOR"]
[BlackTeamCountry "NOR"]

1. d4 d5 2. c4 c6 3. Nf3 Nf6 4. Nc3 dxc4 5. a4 Bf5 6. e3 e6 7. Bxc4 Bb4 8. 0-0 0-0 9. Qe2 Bg6 10. Ne5 Nbd7 11. Nxg6 hxg6 12. Rd1 Qe7 13. a5 e5 14. Qc2 e4 15. Bd2 Bd6 16. g3 Rfe8 17. Bf1 Nf8 18. Bg2 N8h7 19. Be1 Rac8 20. Qe2 Qe6 21. Na4 Rc7 22. Rac1 Qf5 23. Nc5 g5 24. a6 b6 25. Nb7 Bf8 26. f3 g4 27. fxe4 Nxe4 28. Bc3 Nhg5 29. Rf1 Qe6 30. Be1 Nf6 31. b4 Nd5 32. b5 cxb5 33. Rxc7 Nxc7 34. d5 Nxd5 35. Qxb5 Nxe3 36. Qxg5 Nxf1 37. Bf2 Ne3 38. Nd8 Qb3 39. Bxe3 Rxe3 0-1

[Event "NOR-chT 1314"]
[Site "Norway"]
[Date "2014.03.22"]
[Round "8.1"]
[White "Harestad, Hans Krogh"]
[Black "Gullaksen, Eirik Tvedt"]
[Result "1/2-1/2"]
[WhiteElo "2289"]
[BlackElo "2369"]
[PlyCount "51"]
[EventDate "2013.11.01"]
[EventType "team-tourn"]
[EventRounds "9"]
[EventCountry "NOR"]
[SourceTitle "EXT 2015"]
[Source "ChessBase"]
[SourceDate "2014.11.20"]
[SourceVersion "1"]
[SourceVersionDate "2014.11.20"]
[SourceQuality "1"]
[WhiteTeam "SOSS"]
[BlackTeam "Bergens"]
[WhiteTeamCountry "NOR"]
[BlackTeamCountry "NOR"]

1. d4 Nf6 2. c4 Nc6 3. Nf3 e6 4. a3 d6 5. Nc3 g6 6. e4 Bg7 7. Be2 0-0 8. 0-0 Re8 9. d5 exd5 10. cxd5 Ne7 11. Nd4 c6 12. dxc6 Nxc6 13. Nxc6 bxc6 14. Bf3 Be6 15. Bg5 Qb6 16. Qd2 d5 17. Be3 Qb3 18. exd5 Nxd5 19. Nxd5 Bxd5 20. Bxd5 cxd5 21. Rad1 Qxb2 22. Qxb2 Bxb2 23. Rxd5 Bxa3 24. Ra5 Bb4 25. Rxa7 Rxa7 26. Bxa7 1/2-1/2

[Event "NOR-chT"]
[Site "Fagernes"]
[Date "2013.09.29"]
[Round "5.6"]
[White "Harestad, Hans Krogh"]
[Black "Urkedal, Frode Olav Olsen"]
[Result "1/2-1/2"]
[WhiteElo "2296"]
[BlackElo "2481"]
[PlyCount "125"]
[EventDate "2013.09.27"]
[EventType "team-swiss"]
[EventRounds "6"]
[EventCountry "NOR"]
[SourceTitle "CBM 156 Extra"]
[Source "ChessBase"]
[SourceDate "2013.10.22"]
[SourceVersion "1"]
[SourceVersionDate "2013.10.22"]
[SourceQuality "1"]
[WhiteTeam "SOSS"]
[BlackTeam "Oslo SK 1911"]
[WhiteTeamCountry "NOR"]
[BlackTeamCountry "NOR"]

1. d4 Nf6 2. c4 e6 3. Nf3 b6 4. g3 Bb7 5. Bg2 c5 6. d5 exd5 7. Nh4 g6 8. cxd5 Bg7 9. Nc3 0-0 10. 0-0 d6 11. Re1 Re8 12. e4 Nbd7 13. h3 a6 14. Be3 b5 15. Qc2 Nb6 16. Rad1 Nfd7 17. f4 b4 18. Nb1 a5 19. Nd2 Rc8 20. b3 Ba6 21. Nc4 Nxc4 22. bxc4 Nb6 23. Bf1 Qd7 24. Nf3 Qa4 25. Qxa4 Nxa4 26. e5 Nc3 27. Rd2 Ne4 28. Rg2 dxe5 29. fxe5 Bxe5 30. Nxe5 Rxe5 31. Bf4 Ree8 32. Bd3 Nc3 33. Rxe8+ Rxe8 34. Bc7 Re3 35. Rd2 Nxd5 36. cxd5 Rxd3 37. Rxd3 Bxd3 38. Bxa5 f6 39. Bb6 c4 40. Bc5 b3 41. axb3 cxb3 42. Ba3 Kf7 43. Kf2 Be4 44. d6 Ke6 45. Ke3 Bc6 46. Kd4 g5 47. Kc4 Bd5+ 48. Kd4 Bf3 49. Kc3 Bd1 50. Kd4 f5 51. Kc5 Bf3 52. Kd4 f4 53. gxf4 gxf4 54. Bc1 Bd5 55. Ba3 f3 56. Ke3 Bc6 57. Kf2 Ke5 58. Ke3 h6 59. h4 h5 60. d7 Bxd7 61. Bb2+ Kd5 62. Kxf3 Kc4 63. Ke3 1/2-1/2

[Event "Rethymno op 5th"]
[Site "Rethymno"]
[Date "2013.08.04"]
[Round "9"]
[White "Theodorou, Nikolas"]
[Black "Harestad, Hans Krogh"]
[Result "1-0"]
[WhiteElo "2125"]
[BlackElo "2318"]
[PlyCount "93"]
[EventDate "2013.07.28"]
[EventType "swiss"]
[EventRounds "9"]
[EventCountry "GRE"]
[SourceTitle "CBM 155 Extra"]
[Source "ChessBase"]
[SourceDate "2013.08.26"]
[SourceVersion "1"]
[SourceVersionDate "2013.08.26"]
[SourceQuality "1"]

1. d4 d5 2. c4 c6 3. Nf3 Nf6 4. Nc3 dxc4 5. a4 Bf5 6. e3 e6 7. Bxc4 Bb4 8. 0-0 0-0 9. Qe2 Bg6 10. Ne5 Nbd7 11. Nxg6 hxg6 12. Rd1 Qa5 13. Bd2 Rad8 14. Na2 Bxd2 15. Qxd2 Qc7 16. Qc2 Ng4 17. g3 g5 18. Nc3 Nb6 19. Ne4 Qe7 20. Be2 Nh6 21. Qc5 Qxc5 22. dxc5 Nd7 23. b4 g4 24. Nd6 Rb8 25. Nc4 Nf6 26. Na5 Nd5 27. b5 Nc3 28. Rd2 Rfc8 29. Rc1 Nxe2+ 30. Rxe2 cxb5 31. axb5 Kf8 32. Rd2 Ke8 33. Nb3 Rd8 34. Ra1 a6 35. Rxd8+ Kxd8 36. b6 Ke8 37. Na5 f5 38. Rb1 Nf7 39. Nxb7 Rxb7 40. c6 Nd6 41. cxb7 Nxb7 42. Rc1 Kd8 43. Rc7 Nd6 44. Rxg7 Kc8 45. Ra7 Kb8 46. Rxa6 Kb7 47. Ra7+ 1-0

[Event "Rethymno op 5th"]
[Site "Rethymno"]
[Date "2013.07.31"]
[Round "5"]
[White "Post, Maarten"]
[Black "Harestad, Hans Krogh"]
[Result "0-1"]
[WhiteElo "1936"]
[BlackElo "2318"]
[PlyCount "52"]
[EventDate "2013.07.28"]
[EventType "swiss"]
[EventRounds "9"]
[EventCountry "GRE"]
[SourceTitle "CBM 155 Extra"]
[Source "ChessBase"]
[SourceDate "2013.08.26"]
[SourceVersion "1"]
[SourceVersionDate "2013.08.26"]
[SourceQuality "1"]

1. e4 d6 2. d4 Nf6 3. Nc3 e5 4. dxe5 dxe5 5. Qxd8+ Kxd8 6. Nf3 Bd6 7. Bg5 c6 8. 0-0-0 Ke7 9. Bc4 Bc7 10. a4 Nbd7 11. h3 a6 12. Nd2 Bb6 13. Rhf1 h6 14. Bh4 g5 15. Bg3 Nh5 16. Ne2 Ba5 17. c3 b5 18. axb5 axb5 19. Bd3 Bc7 20. Bh2 Nc5 21. Bg1 Nf4 22. Nxf4 gxf4 23. Nf3 Be6 24. Bc2 Ra1+ 25. Kd2 Rd8+ 26. Ke1 Rdxd1+ 0-1

[Event "Rethymno op 5th"]
[Site "Rethymno"]
[Date "2013.07.28"]
[Round "1"]
[White "Petrakis, Stylianos"]
[Black "Harestad, Hans Krogh"]
[Result "1-0"]
[WhiteElo "1552"]
[BlackElo "2318"]
[PlyCount "105"]
[EventDate "2013.07.28"]
[EventType "swiss"]
[EventRounds "9"]
[EventCountry "GRE"]
[SourceTitle "CBM 155 Extra"]
[Source "ChessBase"]
[SourceDate "2013.08.26"]
[SourceVersion "1"]
[SourceVersionDate "2013.08.26"]
[SourceQuality "1"]

1. e4 d6 2. d4 Nf6 3. Nc3 e5 4. dxe5 dxe5 5. Qxd8+ Kxd8 6. Nf3 Bd6 7. Bc4 Ke7 8. Bg5 c6 9. 0-0-0 Bc7 10. Rd2 Nbd7 11. Rhd1 Nc5 12. h3 h6 13. Bxf6+ Kxf6 14. Nh2 Ba5 15. f3 Ke7 16. a3 b5 17. Ba2 Bc7 18. b4 Ne6 19. Ne2 a5 20. Kb2 axb4 21. axb4 c5 22. Nc3 Bd8 23. Ng4 cxb4 24. Nd5+ Ke8 25. Nxe5 Bb7 26. Nxb4 Bf6 27. Nbd3 Ke7 28. Bxe6 fxe6 29. c3 Rhc8 30. Ng6+ Ke8 31. e5 Bg5 32. f4 Bd8 33. Nb4 Be4 34. f5 Bxf5 35. Nf4 Rc4 36. Nh5 Rc7 37. g4 Be4 38. Nf4 Ke7 39. Rd6 Rca7 40. Rxe6+ Kf7 41. Red6 Be7 42. Rd7 Rxd7 43. e6+ Kf6 44. exd7 Ke5 45. Nbd3+ Bxd3 46. Nxd3+ Kf6 47. Nf4 Bd8 48. Kb3 Ra4 49. Nd5+ Kg5 50. Nb4 Kh4 51. Rd3 h5 52. gxh5 Kxh5 53. Nc6 1-0

[Event "EU-Cup 28th"]
[Site "Eilat"]
[Date "2012.10.17"]
[Round "7.3"]
[White "Gerber, Richard"]
[Black "Harestad, Hans Krogh"]
[Result "1/2-1/2"]
[WhiteElo "2421"]
[BlackElo "2265"]
[PlyCount "133"]
[EventDate "2012.10.11"]
[EventType "team-swiss"]
[EventRounds "7"]
[EventCountry "ISR"]
[SourceTitle "CBM 151"]
[Source "ChessBase"]
[SourceDate "2012.11.13"]
[SourceVersion "1"]
[SourceVersionDate "2012.11.13"]
[SourceQuality "1"]
[WhiteTeam "Geneve"]
[BlackTeam "SOSS"]
[WhiteTeamCountry "SUI"]
[BlackTeamCountry "NOR"]

1. d4 d5 2. c4 c6 3. Nc3 dxc4 4. e4 b5 5. a4 b4 6. Na2 e6 7. Bxc4 Nf6 8. e5 Nd5 9. Nf3 Ba6 10. Bxa6 Nxa6 11. Bg5 Qb6 12. Nc1 h6 13. Bd2 c5 14. Qe2 Be7 15. Nb3 0-0 16. dxc5 Nxc5 17. Nxc5 Bxc5 18. 0-0 Rfc8 19. Rac1 Rc7 20. Rc4 Qa6 21. b3 Nb6 22. Qe4 Rac8 23. Rcc1 Qb7 24. Qg4 Kh8 25. Bxb4 Bxf2+ 26. Kxf2 Rxc1 27. Rxc1 Rxc1 28. Bf8 Rc2+ 29. Ke1 g6 30. Bxh6 Nd5 31. Bd2 Kg8 32. Nd4 Rc8 33. h4 Nc3 34. h5 Qe4+ 35. Qxe4 Nxe4 36. hxg6 Nxd2 37. Kxd2 Rc5 38. gxf7+ Kxf7 39. Nf3 Rc8 40. Ng5+ Ke7 41. Ne4 Rd8+ 42. Nd6 Kd7 43. Ke3 Rg8 44. Kf3 Kc6 45. g4 Kd5 46. Nc4 Rb8 47. Na5 Rf8+ 48. Ke3 a6 49. Nc4 Rb8 50. Kf4 Rxb3 51. Ne3+ Kd4 52. Nc2+ Kd3 53. Ne1+ Ke2 54. Ng2 Rb4+ 55. Kg5 Rxa4 56. Nf4+ Kf3 57. Nxe6 Rxg4+ 58. Kf5 Rc4 59. Ng5+ Ke3 60. e6 Rc8 61. e7 Re8 62. Kf6 a5 63. Nf7 Kd4 64. Nd6 Rb8 65. Nb7 Re8 66. Nxa5 Rxe7 67. Kxe7 1/2-1/2

[Event "NOR-chT 1112"]
[Site "Norway"]
[Date "2012.03.25"]
[Round "9"]
[White "Harestad, Hans Krogh"]
[Black "Skrondal, Inge Sandstad"]
[Result "1/2-1/2"]
[WhiteElo "2258"]
[BlackElo "2235"]
[PlyCount "72"]
[EventDate "2011.11.04"]
[EventType "team-tourn"]
[EventRounds "9"]
[EventCountry "NOR"]
[SourceTitle "EXT 2013"]
[Source "ChessBase"]
[SourceDate "2012.11.22"]
[SourceVersion "1"]
[SourceVersionDate "2012.11.22"]
[SourceQuality "1"]
[WhiteTeam "SOSS"]
[BlackTeam "Oslo Akademisk"]
[WhiteTeamCountry "NOR"]
[BlackTeamCountry "NOR"]

1. d4 Nf6 2. c4 e6 3. Nf3 d5 4. g3 dxc4 5. Bg2 Bb4+ 6. Bd2 a5 7. 0-0 0-0 8. Qc2 Bxd2 9. Nbxd2 b5 10. a4 c6 11. b3 cxb3 12. Nxb3 b4 13. Ne5 Nd5 14. Nxc6 Nxc6 15. Qxc6 Ra6 16. Qc4 Nc3 17. e3 Qb6 18. Rfe1 Bd7 19. Nc5 Ra7 20. Qb3 Bc6 21. Rac1 Bxg2 22. Kxg2 Qc6+ 23. f3 Rd8 24. Ne4 Rc7 25. Rc2 Rdc8 26. Nxc3 bxc3 27. Rb1 h6 28. Kf2 Qa6 29. Qb5 Qa8 30. Rb3 Rc4 31. Ke2 g5 32. Qb7 Qxb7 33. Rxb7 Rxa4 34. Kd3 Ra3 35. Rb1 Kg7 36. Rbc1 Kf6 1/2-1/2